Species of Trout Quiz - Statistics

General Stats
  • This quiz has been taken 140 times
  • The average score is 7 of 15
Answer Stats
Picture Answer % Correct
Rainbow Trout
96%
Brown Trout
89%
Brook Trout
79%
Cutthroat Trout
70%
Lake Trout
65%
Tiger Trout
65%
Golden Trout
61%
Bull Trout
41%
Dolly Varden
26%
Apache Trout
19%
Splake
17%
Marble Trout
14%
Greenback Cutthroat Trout
7%
Ohrid Trout
3%
Beardslee Trout
0%
No matching quizzes found
Score Distribution
Percent of People with Each Score
Percentile by Number Answered
Your Score History
You have not taken this quiz